000 01257nam a2200229Ia 4500
001 L235-8107
003 IT-CnALBA
008 170116s9999||||xx |||||||||||||| ||und||
040 _aIT-CnALBA
_cIT-CnALBA
041 _aITALIANO
100 _aDE AMBROGIO CARLO, SAC. GAM.
245 0 _aLA MADONNA TI PARLA. BREVE PANORAMICA DELLE PRINCIPALI APPARIZIONI DELLA MADONNA.
250 _a1a ed.
260 _a ROSTA, TORINO
_bCENTRO M. DIVINAE GR.
_c1974 [1° Ed.:1974 - Ed.Ling.Originale: 1974]
300 _a64 p.
500 _aPARIGI. LA SALETTE. LOURDES. FATIMA. BEAURAING. BANNEUX. SIRACUSA. LETTURA DEI MESSAGGI. PENITENZA. PRESENTAZIONE. PREGHIERA. ROSARIO. MADONNA DEI POVERI. MARIA MADRE. SCHEGGE DI LUCE. LETTERA DI LUCIA. DONNA VESTITA DI SOLE.LETTURA DELL'APOCALISSE.
501 _aSocietà San Paolo EM - Piazza San Paolo, 14 - 12051 ALBA (CN) (non commercial uses only) ® Copyright 2017
520 _aPARIGI. LA SALETTE. LOURDES. FATIMA. BEAURAING. BANNEUX. SIRACUSA. LETTURA DEI MESSAGGI. PENITENZA. PRESENTAZIONE. PREGHIERA. ROSARIO. MADONNA DEI POVERI. MARIA MADRE. SCHEGGE DI LUCE. LETTERA DI LUCIA. DONNA VESTITA DI SOLE.LETTURA DELL'APOCALISSE.
650 _aMARIA SS. ANGELI SANTI DEMONI
942 _cBK
957 _71
999 _a9083
_bNO
_g Copie: 1
_c267285
_d267285